| Поле | Инд. | ПП | Название | Значение |
|---|---|---|---|---|
| Тип записи | a | |||
| Библиографический уровень | m | |||
| 001 | Контрольный номер | RU/IS/BASE/153325272 | ||
| 005 | Дата корректировки | 20250827143258.9 | ||
| 020 | a | ISBN | 5-86750-108-6 | |
| 084 | a | Индекс другой классификации/Индекс ББК | 66.3(2Рос),0; 66.4(0),03 | |
| 090 | a | Полочн. индекс | 66.3(2Рос),0 | |
| x | Авторский знак | В 573 | ||
| 100 | 1_ | a | Автор | Владимиров А. И. |
| q | Полное имя | Владимиров Александр Иванович | ||
| 245 | 10 | a | Заглавие | О национальной государственной идее России |
| b | Продолж. заглавия | стратегические этюды | ||
| c | Ответственность | Коллегия военных экспертов России; Региональный общественный фонд содействия развитию культуры и искусства в Вооруженных Силах РФ "Бородино"; под общей редакцией М. Д. Креймера | ||
| 260 | a | Место издания | Москва | |
| 260 | a | Место издания | Новосибирск | |
| b | Издательство | ЮКЭА | ||
| c | Дата издания | 2000 | ||
| 300 | a | Объем | 288 с. | |
| 336 | a | Термин вида содержания | Текст | |
| 337 | a | Термин типа средства | непосредственный | |
| 650 | 04 | a | Основная рубрика | внутренняя политика |
| a | Основная рубрика | политика | ||
| 653 | 0_ | a | Ключевые слова | XXI век |
| a | Ключевые слова | армия | ||
| a | Ключевые слова | власть | ||
| a | Ключевые слова | Военная доктрина РФ | ||
| a | Ключевые слова | военно-гражданские отношения | ||
| a | Ключевые слова | военные реформы | ||
| a | Ключевые слова | вооруженные конфликты | ||
| a | Ключевые слова | вооруженные силы | ||
| a | Ключевые слова | геополитика | ||
| a | Ключевые слова | глобалистика | ||
| a | Ключевые слова | государственная власть | ||
| a | Ключевые слова | государственная идея | ||
| a | Ключевые слова | государство | ||
| a | Ключевые слова | идеология | ||
| a | Ключевые слова | Косово | ||
| a | Ключевые слова | международные отношения | ||
| a | Ключевые слова | международный терроризм | ||
| a | Ключевые слова | миропорядок | ||
| a | Ключевые слова | Организация Североатлантического договора (НАТО) | ||
| a | Ключевые слова | национальная идеология | ||
| a | Ключевые слова | национальная идея | ||
| a | Ключевые слова | национальная стратегии развития | ||
| a | Ключевые слова | Организация Объединенных Наций (ООН) | ||
| a | Ключевые слова | противоракетная оборона (ПРО) | ||
| a | Ключевые слова | Россия | ||
| a | Ключевые слова | современное положение | ||
| a | Ключевые слова | стратегическое партнерство | ||
| a | Ключевые слова | стратегии | ||
| a | Ключевые слова | США | ||
| a | Ключевые слова | терроризм | ||
| a | Ключевые слова | Югославия | ||
| 700 | 12 | a | Автор | Креймер М. Д. |
| e | Роль лиц | редактор | ||
| 901 | t | Тип документа | m | |
| 952 | a | Тип литературы для КСУ ВШ | НАУ |